000 00468nam a22001457a 4500
999 _c524136
_d524136
020 _a071902482X
040 _cNUST
082 _a324.2410709
_bSHA
100 _aShaw, Eric
_914961
245 _aDiscipline and discord in the labour party :
_bThe politics of managerial control in the labour party, 1951-87 /
_cEric Shaw.
260 _aNew York :
_bManchester University Press,
_c1988.
300 _a387 p. :
_c22 cm.
500 _aIncludes Indexes.
942 _2ddc
_cBK